International trade theories and the evolving international economy / (رقم التسجيلة. 35163)
[ عرض عادي ]
| 000 -الفاتح | |
|---|---|
| حقل البيانات ثابتة الطول | 00780nam a22002297a 4500 |
| 003 - محدد رقم الضبط | |
| رقم الضبط | OSt |
| 005 - وقت وتاريخ اخر تعامل مع التسجيلة | |
| رقم الضبط | 20150408114218.0 |
| 008 - عناصر البيانات ثابتة الطول - معلومات عامة | |
| حقل البيانات ثابتة الطول | 140517s2013 enka g b 001 0 eng d |
| 020 ## - الرقم الدولى المعيارى للكتب | |
| الرقم الدولى المعيارى للكتاب | 9781472514684 |
| 040 ## - مصدر الفهرسة | |
| وكالة الفهرسة الأصلية | Ma-Un |
| 082 04 - رقم تصنيف ديوى العشرى | |
| رقم الطبعة | 22 |
| رقم التصنيف | 382 |
| رقم المادة | JRI |
| 100 1# - المدخل الرئيسى - إسم شخصى | |
| الإسم الشخصى | Johns, Richard Anthony |
| 9 (RLIN) | 45332 |
| 245 10 - بيان العنوان | |
| العنوان | International trade theories and the evolving international economy / |
| بيان المسئوليه,etc | R.A. Johns. |
| 260 ## - PUBLICATION, DISTRIBUTION, ETC. (IMPRINT) | |
| مكان الناشر او الموزع | London : |
| اسم الناشر او الموزع | Bloomsbury Academic, |
| تاريخ النشر أو التوزيع | 2013. |
| 300 ## - الوصف المادى | |
| التعداد | xii, 321 p. : |
| تفاصيل ماديه اخرى للوعاء | ill. ; |
| أبعاد الوعاء | 24 cm. |
| 490 0# - بيان السلسلة | |
| عنوان السلسلة | Bloomsbury academic collections. Economics |
| 500 ## - تبصرة عامة | |
| تبصرة عامة | Includes Bibliography: p. [287]-316 and index. |
| 650 ## - المدخل الاضافى بالموضوع-مصطلح موضوعى | |
| مصطلح موضوعي أو اسم جغرافي كعنصر مدخل | International trade |
| التقسيم الفرعي العام | Philosophy |
| 9 (RLIN) | 45333 |
| 650 ## - المدخل الاضافى بالموضوع-مصطلح موضوعى | |
| مصطلح موضوعي أو اسم جغرافي كعنصر مدخل | International economic relations. |
| 9 (RLIN) | 5913 |
| 650 ## - المدخل الاضافى بالموضوع-مصطلح موضوعى | |
| مصطلح موضوعي أو اسم جغرافي كعنصر مدخل | Commercial policy |
| 9 (RLIN) | 17889 |
| 942 ## - عناصر المدخل الإضافي( كوها) | |
| مصدر التصنيف او مخطط الترفيف | Dewey Decimal Classification |
| Koha [default] item type | كتاب |
| حالة الفقد | نموذج السعر الفعال | حالة تلف | ليس للاعارة | رقم الطلب | رقم النسخة | تاريخ الاكتساب | مصدر التزويد | الموقع الحالي | الباركود | الفرع الرئيسي | Date last seen | نوع المادة فى نظام كوها | مصدر التصنيف او خطة الترفيف | Total Checkouts |
|---|---|---|---|---|---|---|---|---|---|---|---|---|---|---|
| 2014-05-17 | Not For Loan | 382 JRI | 1 | 2014-05-17 | دار العرب | المكتبة المركزية بالمجمعة (CL) | 00211047 | المكتبة المركزية بالمجمعة (CL) | 2014-05-17 | كتاب | Dewey Decimal Classification | |||
| 2014-05-17 | 382 JRI | 2 | 2014-05-17 | دار العرب | المكتبة المركزية بالمجمعة (CL) | 00211048 | المكتبة المركزية بالمجمعة (CL) | 2014-05-17 | كتاب | Dewey Decimal Classification | ||||
| 2014-05-17 | 382 JRI | 3 | 2014-05-17 | دار العرب | المكتبة المركزية بالمجمعة (CL) | 00211049 | المكتبة المركزية بالمجمعة (CL) | 2014-05-17 | كتاب | Dewey Decimal Classification |
